| 000 | 00629nam a22001817a 4500 | ||
|---|---|---|---|
| 999 |
_c14942 _d14942 |
||
| 003 | OSt | ||
| 082 | _2631.3 PAU/DE | ||
| 088 | _aP 171 | ||
| 100 |
_aDAYANA PAUL _aRAJESH MOHANAN _aSIMI POULOSE _93386 |
||
| 245 | _aDevelopment and evaluation of a potato slicer | ||
| 260 |
_aTavanur 2007 _bKelappaji College of Agricultural Engineering and Technology |
||
| 300 | _a45 | ||
| 500 | _aDevelopment and evaluation of a potato slicer | ||
| 520 | _aDevelopment and evaluation of a potato slicer | ||
| 700 |
_aEr. Prince M.V (Gudie) _93387 |
||
| 856 | _uhttps://drive.google.com/open?id=17dx1fiiJQ0NPlYgJCTirrZk9vxRdtpdH | ||
| 942 | _cPR | ||